QUINTESSENTIAL COURSE TALLY. ERP 9 (Record no. 10780)

MARC details
000 -LEADER
fixed length control field 00297nam a22001217a 4500
003 - CONTROL NUMBER IDENTIFIER
control field SGT
082 ## - DEWEY DECIMAL CLASSIFICATION NUMBER
Classification number 658.4038011 SIN
100 ## - MAIN ENTRY--PERSONAL NAME
Personal name SINGH,VISHNU PRIYA
245 ## - TITLE STATEMENT
Title QUINTESSENTIAL COURSE TALLY. ERP 9
250 ## - EDITION STATEMENT
Edition statement 1ST
260 ## - PUBLICATION, DISTRIBUTION, ETC. (IMPRINT)
Place of publication, distribution, etc NEW DELHI
Name of publisher, distributor, etc COMPUTECH PUBLICATIONS LIMITED
Year of Publication 2016
942 ## - ADDED ENTRY ELEMENTS (KOHA)
Source of classification or shelving scheme Dewey Decimal Classification
Koha item type CDs & DVDs
Holdings
Withdrawn status Lost status Source of classification or shelving scheme Damaged status Not for loan Collection code Home library Current library Shelving location Date acquired Vendor Name Cost, normal purchase price SGTU Bill Number Total Checkouts Full call number Accession No. (Barcode) Date last seen Bill Date Koha item type
    Dewey Decimal Classification     COMMERCE MANAGEMENT SGT Science & Social Sciences Library SGT Science & Social Sciences Library On Display 08/02/2017 GARWAL BOOK CENTER 412.00 SGTU 7758   658.4038011 SIN CMCD128 08/02/2017 22/12/2016 CDs & DVDs